Statistiques concernant Les plus gros transferts du football - Footballeurs colombiens

Cliquez ici pour prendre le quiz!

Statistiques générales

  • Ce quiz a été pris 51 fois
  • Le résultat moyen est 7 sur 10

Statistiques - réponses

Montant de transfert (M €)SaisonVenant deAllant àJoueur% Correct
40,002011-2012FC PortoAtlético MadridRadamel Falcao
100%
43,002013-2014Atlètico MadridAS MonacoRadamel Falcao
100%
75,002014-2015AS MonacoReal MadridJames Rodríguez
98%
45,002013-2014FC PortoAS MonacoJames Rodríguez
98%
47,002021-2022FC PortoLiverpoolLuis Díaz
86%
31,002014-2015FiorentinaChelseaJuan Cuadrado
56%
42,002017-2018AjaxTottenhamDavinson Sánchez
52%
42,002015-2016Atlético MadridGuangzhou EvergrandeJackson Martínez
46%
35,002015-2016FC PortoAtlético MadridJackson Martínez
46%
33,002015-2016FC SevillaAC MilanCarlos Bacca
42%

Distribution des résultats

Percentile par nombre de réponses

% des personnes avec chaque résultat

Votre développement - résultats

Vous n’avez pas pris ce quiz